| 000 | 00697nam a2200229 4500 | ||
|---|---|---|---|
| 001 | 118072 | ||
| 003 | ES-MaACL | ||
| 005 | 20250801090229.0 | ||
| 007 | t| | ||
| 008 | 070214s1981 sp r ||||1| spa d | ||
| 020 | _a84-265-7259-6 | ||
| 080 | _a087.5:82 | ||
| 100 | 1 |
_aPerrault, Charles. _991333 |
|
| 245 | 1 | 0 |
_aCuentos de Perrault / _ctraducción, prólogo y notas de Carmen Bravo-Villasante. |
| 260 |
_aMadrid : _bMagisterio Español, _c1981. |
||
| 300 |
_a155 p. : _bil. ; _c18 cm. |
||
| 490 | 1 |
_aNovelas y cuentos ; _v257 |
|
| 700 | 1 |
_aBravo-Villasante, Carmen, _d1918-1994 _931507 |
|
| 830 | 1 | 0 |
_aNovelas y cuentos _v257 _9179596 |
| 852 |
_aES-MaACL _jL-9941 |
||
| 999 |
_c118072 _d118072 |
||